| 000 | 00598nam a2200181Ia 4500 | ||
|---|---|---|---|
| 003 | GCL | ||
| 008 | 140319s9999 xx 000 0 ara d | ||
| 040 |
_aGCL / _cGCL |
||
| 082 | 0 | 4 |
_a811.9 _bس غ |
| 100 | 1 | _aسمير عبدالباقى | |
| 245 | 1 | 0 |
_aغنوة لمصر: اغانى واشعار بالعامية المصرية / _cسمير عبدالباقى |
| 300 | _a63 ص | ||
| 490 |
_aاخترنا للفلاح _v0 |
||
| 650 | 0 | 4 | _aالشعر العربى - مصر |
| 650 | 0 | 4 | _aالاغانى الشعبية المصرية |
| 650 | 0 | 4 | _aالشعر العامى - مصر |
| 942 |
_2ddc _cBK |
||
| 999 |
_c50795 _d50795 |
||